000
00360nam a2200169Ia 4500
100
_a
Zienkiewicz/O.C
250
_a
3
942
_c
BK
366
_f
15
654
_a
finite element
245
_a
Finite element method
260
_b
Tata Mc Graw hill Ltd.
_a
New Delhi
_c
1977
082
_a
620.0015/ZIE
300
_a
787
546
_a
ENGLISH
999
_c
23793
_d
23793